000 00523nam a2200181Ia 4500
999 _c22592
_d22592
003 OSt
005 20200220133623.0
008 190216s9999||||xx |||||||||||||| ||und||
020 _a9788124011065
040 _coclc
082 _a297
_bENG/I
100 _aEngineer, Asghar Ali
_d1939-2013.
_91798
245 0 _aIslaminte Prasakthi /
_cAsghar Ali Engineer
260 _bMalbery Books,
_aKozhikode:
_c2002.
300 _a98p
650 _aIslamic History
942 _cBK
_2ddc
_h297
_iENG/I
_k297
_mENG/I